Obras [de Luis González y González] : El cardenismo : Los artífices del cardenismo, Los días del presidente Cárdenas /

I tiakina i:
Ngā taipitopito rārangi puna kōrero
Kaituhi matua: González y González, Luis (autor)
Hōputu: Pukapuka
Reo:Pāniora
I whakaputaina: México : El Colegio Nacional, 2002, c2002
Ngā marau:
Ngā Tūtohu: Tāpirihia he Tūtohu
Kāore He Tūtohu, Me noho koe te mea tuatahi ki te tūtohu i tēnei pūkete!

MARC

LEADER 00000nam^a2200000^a^4500
001 000323380
005 20250521000000.0
009 20260310113638.137
020 |a 970-640-264-0 
020 |a 970-640-219-5 
037 |a Acervo ITESO - Biblioteca 
041 |a ESP 
082 |a 868.  |b OBR LUI V. 4 
100 |a González y González, Luis  |e (autor) 
240 1 1 |a [Obras de El Colegio Nacional] 
240 1 1 |a [Obras de Luis González y González] 
240 1 1 |a [Obras de Luis González y González: El cardenismo] 
240 1 5 |a [Los artífices del cardenismo] 
240 1 5 |a [Los días del presidente Cárdenas] 
245 1 0 |a Obras [de Luis González y González] :  |b El cardenismo : Los artífices del cardenismo, Los días del presidente Cárdenas /  |c L. González y González. 
264 4 |a México :  |b El Colegio Nacional,  |c 2002, c2002 
300 |a VIII, 573 p. 
336 |a texto  |b txt  |2 rdacontenido 
337 |a sin mediación  |b n  |2 rdamedio 
338 |a volumen  |b nc  |2 rdasoporte 
545 0 |a Luis González y González (San José de Gracia, Michoacán, 1925-2003), historiador mexicano, fundador de la microhistoria. Estudió en El Colegio de México y la Universidad de París. Regresó durante su primer año sabático (1967), tras conocer el mundo de la historiografía moderna, a escribir la historia universal de su pueblo natal: Pueblo en vilo: microhistoria de San José de Gracia (1968) –más tarde reconocido por la American Historial Association con el Premio Clarence H. Haring (1971) y traducido al inglés y al francés- es hoy un clásico que sacudió los métodos, perspectivas y las formas de narrar de la historiografía mexicana. Dueño de una prosa clara, amena y comprensible y un estilo didáctico y desenfadado, su fecunda bibliografía comprende títulos como: Fuentes para la historia contemporánea de México (1961-62), Invitación a la microhistoria y Nueva invitación a la microhistoria (1972 y 1982), Los artífices del cardenismo (1978), La querencia (1982), La ronda de las generaciones (1984), La Revolución Mexicana desde el punto de vista de los revolucionados (1986), El oficio de historiar (1988), La vuelta a Michoacán en 500 libros (1994) y Michoacán a la mesa (1996). Una de las cimas de la historia mexicana, entre sus discípulos figuran notables académicos e intelectuales como Jorge Alonso, Enrique Krauze y Jean Meyer. Cronista de Zamora y de San José de Gracia, fue el presidente fundador de El Colegio de Michoacán (1979-85). Miembro de las academias Mexicana de la Historia (1972) y de la Lengua (1987), El Colegio Nacional (1978) y –en calidad de emérito- del Sistema Nacional de Investigadores (1993). Recibió el Premio Nacional de Ciencias y Artes (1983), la Gran Cruz de la Orden de Alfonso X El Sabio (1999) y la Medalla Belisario Domínguez del Senado de la República (2003), además de ser nombrado doctor honoris causa por la Universidad Michoacana de San Nicolás de Hidalgo (2001). 
586 |a Premio Nacional de Ciencias y Artes, categoría Historia, Ciencias Sociales y Filosofía (34°: 1983) 
649 |a XX 
650 |a Cardenismo -  |x Historia -  |x Tema Principal 
650 |a Política -  |z México -  |x Historia -  |y Régimen Cardenista, 1934-1940 
650 |a México -  |x Historia -  |y Régimen Cardenista, 1934-1940 
650 |a México -  |x Historia -  |y 1910-1946 
650 |a México -  |x Historia -  |y Siglo XX 
650 |a Cárdenas, Lázaro 
740 4 |a Los artífices del cardenismo /  |c L. González y González. 
740 4 |a Los días del presidente Cárdenas /  |c L. González y González. 
910 |a Fondo General 
920 |a Impresos - Libros 
930 |a Colección General 
905 |a 101 
901 |a 0500211301  |b IT1  |c LIT  |i D53248  |u 20250521 
902 |a https://opac.biblio.iteso.mx/vufind/Record/000323380